[Event "Berliner Sommer"]
[Site "Berlin"]
[Date "1993.??.??"]
[Round "?"]
[White "Genov, Petar"]
[Black "Ksieski, Zbigniew"]
[Result "0-1"]
[WhiteElo "2435"]
[BlackElo "2340"]

1.d4 Nf6 2.Nf3 e6 3.c4 Bb4+ 4.Bd2 a5 5.g3 d6 6.Bg2 Nbd7 7.O-O e5 8.Nc3 exd4
9.Nxd4 O-O 10.Rc1 Re8 11.Qc2 Nc5 12.Rfd1 Bg4 13.h3 Bh5 14.f4 c6 15.f5 Qb6
16.Kh2 a4 17.Bf4 a3 18.Bxd6 axb2 19.Qxb2 Qa5 20.Nb3 Bxc3 21.Qxc3 Qxc3 22.Rxc3 Bxe2
23.Re1 Nce4 24.Re3 Nxd6 25.R3xe2 Nxc4 26.Nc5 Rxe2 27.Rxe2 b6 28.Nd7 Nd5 29.f6 h6
30.Rc2 b5 31.fxg7 Kxg7 32.h4 Nce3 33.Rd2 Nxg2 34.Rxg2 Nb4 35.Ne5 f6 36.Rb2 fxe5
37.Rxb4 Rxa2+ 38.Kh3 Rc2 39.Rg4+ Kf7 40.h5 Rf2 41.Re4 Ke6 42.Re1 c5 43.Ra1 b4
44.Ra6+ Kf7 45.Rxh6 b3 46.Rb6 c4 47.Rb7+ Kg8 48.Kh4 Rf7 49.Rb8+ Rf8 50.Rb6 Rc8
51.Rg6+ Kf7  0-1

[Event "Berliner Sommer"]
[Site "Berlin"]
[Date "1993.??.??"]
[Round "5"]
[White "Eingorn, Vereslav S"]
[Black "Wahls, Matthias"]
[Result "0-1"]
[WhiteElo "2580"]
[BlackElo "2480"]

1.d4 Nf6 2.Nf3 e6 3.c4 Bb4+ 4.Bd2 Qe7 5.g3 Nc6 6.Nc3 O-O 7.Bg2 Bxc3 8.Bxc3 Ne4
9.Qc2 Nxc3 10.Qxc3 d6 11.d5 Nd8 12.O-O e5 13.c5 f5 14.Rac1 Nf7 15.Nd2 Bd7
16.Qb4 b6 17.cxd6 cxd6 18.Qa3 Bb5 19.Qe3 Rae8 20.Rfe1 Qb7 21.b3 e4 22.Nb1 Re7
23.Qd4 Ne5 24.Na3 Ba6 25.Rc2 Rc8 26.Rec1 Rc5 27.Rxc5 bxc5 28.Qd2 Qb4 29.Qg5 Qxa3
30.Rxc5 Qxc5 31.Qxe7 g6  0-1

[Event "Bern op"]
[Site "Bern"]
[Date "1993.??.??"]
[Round "3"]
[White "Epishin, Vladimir"]
[Black "Cladouras, Panagiotis"]
[Result "1-0"]
[WhiteElo "2620"]
[BlackElo "2330"]

1.d4 Nf6 2.c4 e6 3.Nf3 Bb4+ 4.Bd2 Qe7 5.g3 O-O 6.Bg2 Bxd2+ 7.Qxd2 d6 8.Nc3 Re8
9.O-O a5 10.h3 e5 11.e4 Nc6 12.Rfe1 h6 13.Kh2 Nh7 14.Nb5 Nb8 15.Rad1 c6 16.Nc3 c5
17.Nd5 Qd8 18.dxe5 dxe5 19.Qe3 b6 20.Qb3 Nd7 21.Qa4 Nhf8 22.Nh4 Bb7 23.Nf5 Re6
24.h4 Kh7 25.Bh3 Bc6 26.Qc2 g6 27.Nfe3 Re8 28.h5 Ne6 29.hxg6+ fxg6 30.Bxe6 Rxe6
31.Kg2 Kg7 32.Qc3 Qf8 33.f3 Ra7 34.Rh1 h5 35.g4 Bxd5 36.cxd5 Rf6 37.Rdf1 Qf7
38.Nc4 hxg4 39.f4 exf4 40.Rxf4 b5 41.Nd6 b4 42.Qe3 Qg8 43.Rxf6 Kxf6 44.e5+  1-0

[Event "Biel op"]
[Site "Biel"]
[Date "1993.??.??"]
[Round "2"]
[White "Sinkovics, Peter"]
[Black "Wahls, Matthias"]
[Result "0-1"]
[WhiteElo "2325"]
[BlackElo "2480"]

1.d4 Nf6 2.c4 e6 3.Nf3 Bb4+ 4.Bd2 Qe7 5.g3 Nc6 6.Bg2 Bxd2+ 7.Nbxd2 d6 8.O-O a5
9.e4 e5 10.d5 Nb8 11.Ne1 O-O 12.Nd3 Na6 13.f4 Nd7 14.Bh3 exf4 15.gxf4 Ndc5
16.Bxc8 Raxc8 17.Nxc5 Nxc5 18.Qe2 Rce8 19.Rae1 Qf6 20.e5 dxe5 21.fxe5 Qg6+
22.Kh1 Nd3 23.Rg1 Rxe5 24.Rxg6 Rxe2 25.Rxg7+ Kxg7 26.Rxe2 Nxb2 27.Re7 Rc8
28.c5 Rd8 29.Rxc7 Rxd5 30.Ne4 Nd3 31.Kg2 Kg6 32.Rxb7 Nxc5 33.Nxc5 Rxc5 34.Rb2 Rc3
35.Kf1 f5 36.Rd2 Ra3 37.Rc2 Kg5 38.Kf2 Kg4 39.Kg2 h5 40.Rc4+ f4 41.Rc2 h4
42.Kf2 Kh3 43.Kg1 Rd3 44.a4 Ra3 45.Rc4 Kg4 46.Kf2 Ra2+ 47.Kf1 h3 48.Kg1 Rg2+
49.Kh1 Rb2 50.Kg1 Rb4  0-1

[Event "Biel op"]
[Site "Biel"]
[Date "1993.??.??"]
[Round "7"]
[White "Shvidler, Eliahu"]
[Black "Antonio, Rogelio Jr"]
[Result "1/2-1/2"]
[WhiteElo "2415"]
[BlackElo "2500"]

1.d4 Nf6 2.Nf3 e6 3.c4 Bb4+ 4.Bd2 Qe7 5.e3 O-O 6.Bxb4 Qxb4+ 7.Qd2 Qe7 8.Nc3 d6
9.Be2 b6 10.O-O Bb7 11.Qc2 e5 12.Rfd1 Nbd7 13.dxe5 dxe5 14.Nd5 Nxd5 15.cxd5 e4
16.Nd4 Nf6 17.d6 cxd6 18.Nf5 Qe5 19.Nxd6 Bd5 20.Nb5 Rfc8 21.Qd2 h5 22.Nc3 Rd8
23.Qe1 Rab8 24.Rd4 Rdc8 25.Nxd5 Nxd5 26.Qd1 Nf6 27.h3 g6 28.Rc1 Kg7 29.Rcc4 Rc5
30.b3 Rbc8 31.a4 R8c7 32.Rxc5 Qxc5 33.Bc4 Qe7 34.Qa1 Qe5 35.Qd1 Qe7 36.Qd2 Rd7
37.Bb5 Rc7 38.Rc4 Rc5 39.Qc3 Qd6 40.Rxc5 bxc5 41.a5 h4 42.Be2 Kh7 43.Qc4 Kg7
44.a6 Qb6 45.Qc3 Qd6 46.Qa1 g5 47.Qa5 Nd5 48.Bc4 Nb4 49.Qa1+ f6 50.Qa4 Qd1+
51.Bf1 Qd6 52.Qb5  1/2-1/2

[Event "Bischwiller op"]
[Site "Bischwiller"]
[Date "1993.??.??"]
[Round "?"]
[White "Horvath, Csaba"]
[Black "Letzelter, Jean Claude"]
[Result "1-0"]
[WhiteElo "2490"]
[BlackElo "2280"]

1.d4 Nf6 2.c4 e6 3.Nf3 Bb4+ 4.Bd2 Bxd2+ 5.Qxd2 d6 6.Nc3 O-O 7.g3 b6 8.Bg2 Bb7
9.Qf4 Nc6 10.O-O Re8 11.Rad1 Qe7 12.d5 e5 13.Qc1 Nb8 14.e4 Bc8 15.Ne1 Nbd7
16.Nc2 a5 17.Na3 Nc5 18.Nab5 Kh8 19.b3 Rf8 20.Rfe1 Ng8 21.Rd2 f6 22.Qd1 Rf7
23.f4 g6 24.Rf2 Nh6 25.h3 Rg7 26.Kh2 Nf7 27.f5 gxf5 28.exf5 Qd8 29.a3 Bd7
30.b4 Nb7 31.h4 Nh6 32.Bh3 Qc8 33.g4 Qg8 34.Rg1 Rf8 35.Ne4 Qf7 36.g5 Ng8
37.Nxc7 Bxf5 38.Rxf5 Qxc7 39.gxf6 Rg6 40.Rfg5 Qxc4 41.Rxg6 Qxe4 42.Qh5 Qxd5
43.Rg7 Qd2+ 44.Bg2 Nh6 45.Rxb7  1-0

[Event "Bonn GSK"]
[Site "Bonn"]
[Date "1993.??.??"]
[Round "?"]
[White "Von Gleich, Alexander"]
[Black "Kengis, Edvins"]
[Result "0-1"]
[WhiteElo "2335"]
[BlackElo "2555"]

1.Nf3 e6 2.c4 Nf6 3.d4 Bb4+ 4.Bd2 c5 5.Bxb4 cxb4 6.g3 O-O 7.Bg2 d6 8.O-O Re8
9.Qd3 Qe7 10.Nbd2 e5 11.e4 Bg4 12.h3 Bxf3 13.Nxf3 Nbd7 14.Nh4 g6 15.f4 exd4
16.Qxd4 Nxe4 17.Rae1 Ndc5 18.Bxe4 Nxe4 19.Nf3 f5 20.Ng5 Rac8 21.Qd5+ Kg7
22.Nxe4 fxe4 23.f5 Rc5 24.f6+ Qxf6 25.Qxb7+ Re7 26.Qb8 Rf5 27.Rxf5 gxf5 28.Qxb4 Qd4+
29.Kg2 a5 30.Qxa5 Qxb2+ 31.Kh1 Qf2 32.Qc3+ Kg6 33.Qe3 Qxe3 34.Rxe3 Rc7 35.Rc3 d5
36.c5 d4 37.Rc4 d3 38.Rd4 Rxc5  0-1

[Event "Bratislava op"]
[Site "Bratislava"]
[Date "1993.??.??"]
[Round "6"]
[White "Ludwikowski, Dariusz"]
[Black "Zhidkov, Valery S"]
[Result "0-1"]
[WhiteElo "2245"]
[BlackElo "2410"]

1.Nf3 Nf6 2.d4 e6 3.c4 Bb4+ 4.Bd2 Qe7 5.a3 Bxd2+ 6.Nbxd2 d6 7.e3 e5 8.dxe5 dxe5
9.Qc2 a5 10.b3 Na6 11.h3 O-O 12.Be2 b6 13.O-O Bb7 14.Rfd1 Nc5 15.Qb2 e4 16.Nd4 Qe5
17.Nf1 Rfd8 18.Qb1 Qg5 19.Ra2 Re8 20.Rad2 h5 21.b4 axb4 22.axb4 Nd3 23.Bxd3 exd3
24.f4 Qg6 25.Qxd3 Ne4 26.Rb2 Rad8 27.Qc2 Qf6 28.b5 Nc5 29.Ra2 Be4 30.Qc1 Qg6
31.Rdd2 Nd3 32.Qd1 Rd6 33.Ra3 Nxf4 34.exf4 Rxd4 35.Rg3 Rxd2 36.Qxd2 Qf6 37.Qd7 Qd8
38.Qxd8 Rxd8 39.Rc3 Rd1 40.Kf2 Rb1 41.Ne3 Rb2+ 42.Kf1 Kf8 43.g4 hxg4 44.hxg4 Ke7
45.Nd1 Rb1 46.Ke2 Kd6 47.Re3 Bg2 48.Kd2 c6 49.bxc6 Bxc6 50.Kc2 Ra1 51.Rd3+ Kc5
52.Kb2 Ra8 53.Ne3 Rh8 54.Kc3 g6 55.Nf1 b5 56.Re3 bxc4 57.Re5+ Kd6 58.Kxc4 Ra8
59.Re1 Ra4+ 60.Kd3 Rxf4 61.Ne3 Bb5+ 62.Kc3 Re4 63.Rd1+ Ke5 64.Rd5+ Kf4 65.Nf5 gxf5
66.gxf5 Be2 67.f6 Re6 68.Kd2 Bg4  0-1

[Event "Bratislava op"]
[Site "Bratislava"]
[Date "1993.??.??"]
[Round "8"]
[White "Ryskin, Alexander"]
[Black "Voloshin, Leonid"]
[Result "1/2-1/2"]
[WhiteElo "2515"]
[BlackElo "2410"]

1.d4 Nf6 2.c4 e6 3.Nf3 Bb4+ 4.Bd2 c5 5.g3 b6 6.Bg2 Bb7 7.O-O Bxd2 8.Qxd2 cxd4
9.Qxd4 Nc6 10.Qf4 Qb8 11.Nc3 Qxf4 12.gxf4 Ke7 13.Rfd1 Rhd8 14.Rac1 Rac8 15.b3 d6
16.Nd4 Rd7 17.Ndb5 a6 18.Na3 Nb4 19.Ncb1 Bxg2 20.Kxg2 Nc6 21.Kf3 Na7 22.Nc3 Rdc7
23.e3 b5 24.Ne2 b4 25.Nc2 Nc6 26.a3 bxa3 27.Ra1 d5 28.cxd5 Nxd5 29.Rxa3 Nb8
30.Ncd4 g6 31.Rd2 Rb7 32.Ra5 Nb4 33.Ra1 N8c6 34.Nxc6+ Rxc6 35.Nd4 Rcc7 36.Rdd1 Nc2
37.Nxc2 Rxc2 38.Rxa6 Rb2  1/2-1/2

[Event "Wch U18"]
[Site "Bratislava"]
[Date "1993.??.??"]
[Round "10"]
[White "Irzhanov, Ruslan"]
[Black "Finkel, Alexander"]
[Result "1/2-1/2"]
[WhiteElo "2385"]
[BlackElo "2295"]

1.d4 Nf6 2.c4 e6 3.Nf3 Bb4+ 4.Bd2 Qe7 5.Nc3 O-O 6.Qc2 d6 7.a3 Bxc3 8.Bxc3 Nbd7
9.e3 b6 10.Be2 Bb7 11.O-O Ne4 12.Nd2 Nxc3 13.Qxc3 c5 14.Bf3 cxd4  1/2-1/2

[Event "Brno-C"]
[Site "Brno"]
[Date "1993.??.??"]
[Round "?"]
[White "Orsag, Milan"]
[Black "Belik, Dalibor"]
[Result "0-1"]
[WhiteElo "2390"]
[BlackElo "2325"]

1.d4 Nf6 2.c4 e6 3.Nf3 Bb4+ 4.Bd2 c5 5.g3 Nc6 6.Bxb4 cxb4 7.Bg2 O-O 8.O-O b6
9.Qd3 Bb7 10.Nbd2 Rc8 11.e4 d6 12.Rfe1 e5 13.b3 Re8 14.Rad1 h6 15.Nf1 Nh7
16.h4 Nf6 17.Qb1 Qc7 18.Ne3 Qb8 19.Nf5 Rcd8 20.Qc1 Bc8 21.dxe5 dxe5 22.Nxh6+ gxh6
23.Qxh6 Rd6 24.Ng5 Nd4 25.Rxd4 exd4 26.e5 Bf5 27.e6 fxe6 28.Qxf6 Rf8 29.Qh6 Qd8
30.g4 Rf6 31.Qh5 Bg6 32.Qh6 d3 33.Nxe6 Rdxe6 34.Rxe6 d2 35.Qxd2 Qxd2 36.Rxf6 Qe1+  0-1

[Event "Brno-B"]
[Site "Brno"]
[Date "1993.??.??"]
[Round "4"]
[White "Polak, Tomas"]
[Black "Horvath, Gyula"]
[Result "1/2-1/2"]
[WhiteElo "2410"]
[BlackElo "2450"]

1.d4 Nf6 2.c4 e6 3.Nf3 Bb4+ 4.Bd2 Qe7 5.g3 Nc6 6.a3 Bxd2+ 7.Qxd2 d6 8.Bg2 a5
9.Nc3 O-O 10.O-O a4 11.Qc2 e5 12.dxe5 dxe5 13.Nd5 Nxd5 14.cxd5 Nb8 15.Rac1 c6
16.Nd2 Bd7 17.Nc4 Ra6 18.Rfd1 cxd5 19.Bxd5 b5 20.Ne3 Nc6 21.Qe4 Qe8 22.Nf5 Bxf5
23.Qxf5 Nd4 24.Qe4 Kh8 25.Kh1 f5 26.Qd3 Rh6 27.Bg2 Qh5 28.h3 Nxe2 29.Rc7 Nd4
30.f4 Ne6 31.Re7 exf4 32.Re1 f3 33.Qxf3 Qxf3 34.Bxf3 Ng5 35.Kg2 Rd6 36.h4 Ne4
37.Bxe4 Rd2+ 38.Kh3 fxe4 39.R1xe4 Rxb2 40.Rf7 Kg8 41.Rb7 h5 42.Re5  1/2-1/2

[Event "Brno-B"]
[Site "Brno"]
[Date "1993.??.??"]
[Round "6"]
[White "Polak, Tomas"]
[Black "Lechtynsky, Jiri"]
[Result "0-1"]
[WhiteElo "2410"]
[BlackElo "2405"]

1.d4 Nf6 2.c4 e6 3.Nf3 Bb4+ 4.Bd2 c5 5.Bxb4 cxb4 6.g3 b6 7.Bg2 Bb7 8.O-O O-O
9.a3 bxa3 10.Rxa3 d6 11.Nc3 Nbd7 12.Nd2 Bxg2 13.Kxg2 Qc7 14.e3 d5 15.cxd5 Nxd5
16.Nxd5 exd5 17.Qa4 Rfc8 18.Rc3 Qb7 19.Rfc1 a6 20.Qb4 Rxc3 21.Rxc3 Nf6 22.Qd6 a5
23.Rc6 Ne8 24.Qxd5 Rc8 25.Rc5 Qxd5+ 26.Rxd5 Rc2 27.Ne4 Rxb2 28.Rd8 Kf8 29.Ra8 Ke7
30.d5 f6 31.Ra7+ Kd8 32.d6 Rb4 33.Nc3 Nxd6 34.Rxg7 Ne4 35.Nxe4 Rxe4 36.Rxh7 Re7
37.Rh8+ Kc7 38.h4 Kb7 39.g4 a4 40.Rd8 b5 41.h5 Ka7 42.Rd5 Kb6 43.Rd6+ Ka5
44.Rd8 Ra7 45.f4 a3 46.h6 b4 47.g5 fxg5 48.fxg5 a2 49.h7 Rxh7 50.Ra8+ Kb5
51.Rxa2 Rg7 52.Kf3 Rxg5 53.Ra8 b3 54.Kf4 Rg6 55.Kf5 Ra6 56.Rb8+ Rb6 57.Rh8 b2
58.Rh1 Kc4 59.Rb1 Rb5+ 60.Kf4 Kd3 61.e4 Kc2 62.Re1 b1=Q 63.Rxb1 Rxb1 64.e5 Kd3
65.e6 Kd4 66.Kf5 Kd5 67.e7 Re1  0-1

[Event "Brno-B"]
[Site "Brno"]
[Date "1993.??.??"]
[Round "9"]
[White "Lechtynsky, Jiri"]
[Black "Velicka, Petr"]
[Result "1/2-1/2"]
[WhiteElo "2405"]
[BlackElo "2420"]

1.d4 Nf6 2.Nf3 e6 3.c4 Bb4+ 4.Bd2 Qe7 5.Nc3 Bxc3 6.Bxc3 Ne4 7.Rc1 O-O 8.g3 Nc6
9.Bg2 d6 10.O-O Nxc3 11.Rxc3 a5 12.d5 Nd8 13.Qd2 Rb8 14.e4 e5 15.Ne1 f5 16.exf5 Bxf5
17.Re3 b6 18.f4 Nf7 19.Nf3 Bg4 20.Nd4 Qd7 21.Ne6 Bxe6 22.dxe6 Qxe6 23.Bd5 Qe7
24.fxe5 Kh8 25.Rxf7 Rxf7 26.Bxf7 Qxf7 27.Qd5 Qxd5 28.cxd5 dxe5 29.Rxe5 Kg8  1/2-1/2

[Event "Bucharest"]
[Site "Bucharest"]
[Date "1993.??.??"]
[Round "?"]
[White "Gagarin, Vasilij"]
[Black "Kiselev, Sergey"]
[Result "1/2-1/2"]
[WhiteElo "2450"]
[BlackElo "2510"]

1.d4 Nf6 2.c4 e6 3.Nf3 Bb4+ 4.Bd2 Bxd2+ 5.Qxd2 O-O 6.Nc3 d5 7.e3 c6 8.Bd3 Qe7
9.O-O Rd8 10.Rac1 dxc4 11.Bxc4 c5  1/2-1/2

[Event "Budapest FS12 GM"]
[Site "Budapest"]
[Date "1993.??.??"]
[Round "4"]
[White "Lengyel, Levente"]
[Black "Loginov, Valery A"]
[Result "0-1"]
[WhiteElo "2380"]
[BlackElo "2505"]

1.d4 Nf6 2.c4 e6 3.Nf3 Bb4+ 4.Bd2 Qe7 5.g3 Nc6 6.Bg2 Bxd2+ 7.Nbxd2 d6 8.O-O e5
9.d5 Nb8 10.e4 O-O 11.b4 Bg4 12.Qb3 Bxf3 13.Qxf3 Nbd7 14.Nb3 b6 15.Qc3 Rfc8
16.Qd3 a5 17.a3 Ra7 18.Qc3 Rca8 19.Rac1 axb4 20.axb4 Ra2 21.Ra1 Qe8 22.Rxa2 Rxa2
23.c5 bxc5 24.bxc5 Qb8 25.c6 Nb6 26.Nc1 Ra4 27.f3 Qa7 28.Kh1 h6 29.Nb3 Qa6
30.Re1 Ra3 31.Bf1 Qa4  0-1

[Event "Budapest FS09 GM"]
[Site "Budapest"]
[Date "1993.??.??"]
[Round "5"]
[White "Shabtai, Ran"]
[Black "Schwarz, Michael"]
[Result "1/2-1/2"]
[WhiteElo "2350"]
[BlackElo "2405"]

1.d4 Nf6 2.c4 e6 3.Nf3 Bb4+ 4.Bd2 Qe7 5.g3 Nc6 6.Nc3 Bxc3 7.Bxc3 Ne4 8.Rc1 O-O
9.Bg2 d6 10.d5 Nxc3 11.Rxc3 Nd8 12.O-O a5 13.Nd4 e5 14.Nb3 b6 15.c5 Nb7 16.cxb6 cxb6
17.Rc6 Qd8 18.Nd2 Bd7 19.Nc4 b5 20.Ne3 Rb8 21.Qd2 g6 22.b4 axb4 23.Qxb4 Bxc6
24.dxc6 Nc5 25.Nd5 Na6 26.Qa3 Nc7 27.Qa7 Nxd5 28.Bxd5 Qb6 29.Qe7 Qc5 30.e4 Kg7
31.Kg2 Ra8 32.Qg5 Ra7 33.Rc1 Qb6 34.Qd2 Qc7 35.Qb2 Ra5 36.f4 f6 37.Rc3 Rfa8
38.a3 R8a7 39.fxe5 dxe5 40.Qb4 Ra4 41.Qxb5 Rxa3 42.Bb3 Qa5 43.Qxa5 R7xa5
44.c7 Ra8 45.c8=Q Rxc8 46.Rxc8 Rxb3 47.Rc7+ Kh6 48.Rf7 Kg5 49.Rxh7 Rb4 50.Kf3 f5
51.exf5 e4+ 52.Ke3 gxf5 53.Rh8 Rb3+ 54.Kf2 Rf3+ 55.Ke2 Rc3 56.Rg8+ Kf6 57.h4  1/2-1/2

[Event "Budapest FS06 GM"]
[Site "Budapest"]
[Date "1993.??.??"]
[Round "6"]
[White "Lukacs, Peter"]
[Black "Magyar, Otto"]
[Result "1/2-1/2"]
[WhiteElo "2480"]
[BlackElo "2390"]

1.d4 Nf6 2.c4 e6 3.Nf3 Bb4+ 4.Bd2 a5 5.g3 d6 6.Bg2 Nbd7 7.O-O e5 8.e3 Bxd2
9.Qxd2 exd4 10.Nxd4 O-O 11.Nc3 Nc5 12.Rfe1 Re8 13.Qc2 c6 14.Rad1 Qe7 15.e4 Bg4
16.f3 Bd7 17.Qf2 Rad8 18.Re2 Bc8 19.Red2 h6 20.Nc2 Qc7 21.b3 b6 22.Ne3 h5
23.h3 Qe7 24.Rd4 g6 25.Qd2 Nb7 26.Na4 Qc7 27.g4 hxg4 28.hxg4 Nd7 29.Qf2 Ndc5
30.Nc3 Ne6 31.R4d2 Nf4 32.Ne2 Nxe2+ 33.Rxe2 Nc5 34.Red2 Qe7 35.Qg3 Nb7 36.Nc2 g5
37.a3 Qe5 38.Qf2 Qc5 39.Rd4 Be6 40.b4 axb4 41.axb4 Qe5 42.Bf1  1/2-1/2

[Event "Budapest FS05 GM"]
[Site "Budapest"]
[Date "1993.??.??"]
[Round "10"]
[White "Juhasz, Bela"]
[Black "Loginov, Valery A"]
[Result "0-1"]
[WhiteElo "2240"]
[BlackElo "2505"]

1.d4 Nf6 2.c4 e6 3.Nf3 Bb4+ 4.Bd2 Qe7 5.g3 Nc6 6.Bg2 Bxd2+ 7.Nbxd2 d6 8.e4 e5
9.d5 Nb8 10.h3 Nbd7 11.O-O Nc5 12.Ne1 a5 13.b3 O-O 14.a3 Bd7 15.b4 axb4 16.axb4 Rxa1
17.Qxa1 Na4 18.Nd3 Ra8 19.f4 Nh5 20.Rf3 Nb6 21.Qc3 exf4 22.gxf4 Ra2 23.c5 Na4
24.Qc1 Bb5 25.Nb3 g6 26.Rf2 Rxf2 27.Nxf2 Qf6 28.cxd6 cxd6 29.Qc8+ Kg7 30.Qxb7 Nc3
31.f5 Ne2+  0-1

[Event "Budapest FS08 IM"]
[Site "Budapest"]
[Date "1993.??.??"]
[Round "10"]
[White "Sinkovics, Peter"]
[Black "Littke, Adam"]
[Result "1-0"]
[WhiteElo "2325"]
[BlackElo "2270"]

1.d4 Nf6 2.Nf3 e6 3.c4 Bb4+ 4.Bd2 Qe7 5.g3 Nc6 6.Bg2 Bxd2+ 7.Nbxd2 d6 8.O-O O-O
9.e4 e5 10.d5 Nb8 11.Ne1 a5 12.Nd3 Na6 13.f4 Nd7 14.f5 f6 15.a3 Nac5 16.Nxc5 dxc5
17.h4 Nb6 18.a4 Bd7 19.b3 Nc8 20.Rc1 Nd6 21.Rc3 Rfc8 22.g4 c6 23.Rg3 Kh8
24.Nb1 Be8 25.Nc3 Bf7 26.g5 Bg8 27.Bf3 cxd5 28.Nxd5 Bxd5 29.Qxd5 Rd8 30.Qxc5 Nxf5
31.Qxe7 Nxe7 32.Bh5 fxg5 33.Rxg5 Nc6 34.Rf7 g6 35.Bg4 Rf8 36.Rxb7 Rab8 37.Rb5 Rbd8
38.Rd5 Rb8 39.Bd1 Rf4 40.h5 gxh5 41.Rc5 Rf6 42.Bxh5 Rxb3 43.Rf5 Rh6 44.Rb5 Rg3+
45.Kf2 Rg8 46.Rb6 Rc8 47.c5 Kg7 48.Ke3 Kh8 49.Kd2 Re6 50.Rf7 Nd8 51.Bg4 Rxb6
52.cxb6 Rb8 53.Rd7 Nc6 54.Rd6 Ne7 55.Kc3 Kg7 56.Kc4 Nc8 57.Bxc8 Rxc8+ 58.Kb5  1-0

[Event "Budapest FS12 GM"]
[Site "Budapest"]
[Date "1993.??.??"]
[Round "11"]
[White "Lukacs, Peter"]
[Black "Loginov, Valery A"]
[Result "1/2-1/2"]
[WhiteElo "2485"]
[BlackElo "2505"]

1.d4 Nf6 2.c4 e6 3.Nf3 Bb4+ 4.Bd2 Qe7 5.g3 Nc6 6.Nc3 e5 7.dxe5 Nxe5 8.Nxe5 Qxe5
9.Bg2 O-O 10.a3 Bxc3 11.Bxc3 Qe7 12.b4 Re8 13.e3 Ne4 14.Bb2 a5 15.Qd4 f6
16.O-O Kh8 17.c5 axb4 18.axb4 Rxa1 19.Rxa1 d5 20.f3 Ng5 21.f4 Nh3+ 22.Kf1 Bg4
23.Qd3 c6 24.Bd4 Qf7 25.Ra7 Rb8 26.b5 Qh5 27.b6 Bf5 28.Qd2 h6 29.Ra3 Bg4
30.Qd3 Re8 31.Qd2 Kg8 32.Ra7 Qf5 33.Ra1 Ng5 34.Kg1 Nf3+ 35.Bxf3 Bxf3 36.Qf2 Bg4
37.h4 Kh7 38.Kh2 Qd3 39.Ra2 Bf5 40.Qe2 Qxe2+ 41.Rxe2 Ra8 42.h5 Bg4 43.Re1 Ra2+
44.Kg1 Bxh5 45.Ra1 Rxa1+ 46.Bxa1 Kg6 47.Kf2 Kf5 48.Bb2 Ke4 49.Ba1 Bg4 50.Bb2 Kd3
51.Ba1 h5 52.Bb2 Bf5 53.Ba1 Be4 54.Bb2 Kc4 55.Bd4 g5 56.fxg5 fxg5 57.Kg1 Kd3
58.Kf2 h4 59.gxh4 gxh4 60.Be5 h3 61.Bd6 Kc3 62.Ke2 Kc4 63.Kd2 Kb4 64.Ke1 Kc3
65.Ke2 Bd3+ 66.Ke1 Bb5 67.Kf2 Bd3 68.Kg3 Bf5 69.Kh2 Kd3 70.Bf4 Ke4 71.Bh6 Kf3
72.Bg5 Kg4 73.Bh6 Be4 74.Bg7 Bg2 75.Bf8  1/2-1/2

[Event "Wch U20 Girls"]
[Site "Buenos Aires"]
[Date "1993.??.??"]
[Round "?"]
[White "Chavez, Maria de Jesus"]
[Black "Wuts, Helene"]
[Result "0-1"]
[WhiteElo "2005"]
[BlackElo "2040"]

1.d4 e6 2.Nf3 Nf6 3.c4 Bb4+ 4.Bd2 Qe7 5.g3 Nc6 6.Bg2 Bxd2+ 7.Qxd2 Ne4 8.Qc2 Qb4+
9.Nc3 Nxc3 10.Qxc3 Qxc3+ 11.bxc3 d6 12.e4 f6 13.Nd2 e5 14.d5 Na5 15.Bf1 b6
16.Nb3 Nb7 17.Bg2 g5 18.h4 h5 19.Kd2 g4 20.Rhf1 Ke7 21.f4 gxf3 22.Rxf3 Bg4
23.Rf2 Rag8 24.Raf1 Rh6 25.Re1 a5 26.Re3 a4 27.Na1 Na5 28.Bf1 Rhg6 29.Nc2 Bd7
30.Rff3 Nb7 31.Nb4 Nc5 32.Bg2 Rg4 33.Bh3 Rxg3 34.Bxd7 Rxf3 35.Rxf3 Kxd7 36.Ke3 Rg4
37.Rxf6 Rxe4+ 38.Kf3 Rxh4 39.Rf7+ Ke8 40.Rxc7 Rxc4 41.Rc6 Rxc3+ 42.Ke2 Ne4
43.Rxb6 h4 44.Rb8+ Kf7 45.Rh8 h3 46.Kf1 Kg6 47.Kg1 Kg5 48.Kh2 Kg4 49.Rg8+ Ng5
50.Kh1 Kf4 51.Rf8+ Ke4 52.Rf1 Nf3 53.a3 Re3 54.Nd3 Rxd3 55.Rb1 Rd2 56.Rb4+ Nd4  0-1

[Event "Buenos Aires Najdorf op"]
[Site "Buenos Aires"]
[Date "1993.??.??"]
[Round "11"]
[White "Servat, Roberto"]
[Black "Adla, Diego"]
[Result "1-0"]
[WhiteElo "2400"]
[BlackElo "2455"]

1.d4 Nf6 2.c4 e6 3.Nf3 Bb4+ 4.Bd2 Qe7 5.g3 Nc6 6.Bg2 Bxd2+ 7.Nbxd2 d6 8.O-O O-O
9.e4 e5 10.d5 Nb8 11.Ne1 a5 12.Nd3 Bg4 13.f3 Bd7 14.f4 Na6 15.Rc1 Nc5 16.Qe2 Nxd3
17.Qxd3 c6 18.dxc6 Bxc6 19.h3 Nd7 20.f5 Nc5 21.Qe2 f6 22.Nb1 Rab8 23.Nc3 Qd7
24.Rfd1 Rfd8 25.Rd2 b5 26.Rcd1 Qa7 27.Kh2 b4 28.Nd5 Ba4 29.Rg1 Bc6 30.h4 Rbc8
31.g4 b3 32.a3 Na4 33.g5 Bxd5 34.cxd5 Qe7 35.Bf1 Rc1 36.Rg3 Rdc8 37.Rxb3 fxg5
38.Bh3 Rf8 39.hxg5 Qxg5 40.Rg3 Qf4 41.Qg2 Rb1 42.Qf2 Qh6 43.Qf3 Kh8 44.Rdg2 Qc1
45.Rxg7 Qh1+ 46.Kg3 Qe1+ 47.Kh2 Qh1+ 48.Kg3 Kxg7 49.Kh4+ Kh8 50.Qg4 Qe1+
51.Rg3 Qxg3+ 52.Qxg3 Nc5 53.Qg5 Nxe4 54.Qe7 Rf6 55.Bg2  1-0

[Event "Cappelle op"]
[Site "Cappelle la Grande"]
[Date "1993.??.??"]
[Round "5"]
[White "Jasnikowski, Zbigniew"]
[Black "Jouravljev, Anatoly"]
[Result "1/2-1/2"]
[WhiteElo "2460"]
[BlackElo "2300"]

1.d4 Nf6 2.c4 e6 3.Nf3 Bb4+ 4.Bd2 a5 5.g3 d5 6.Bg2 Nc6 7.Qc2 dxc4 8.Qxc4 Qd5
9.Qd3 Qe4 10.Qxe4 Nxe4 11.a3 Nxd2 12.Nbxd2 Be7 13.O-O a4 14.Rac1 Ra5 15.e3 Rb5
16.Rc2 Bd7 17.Rfc1 Bd8 18.Bf1 Ra5 19.Nc4 Ra7 20.Nce5 Nxe5 21.Nxe5 f6 22.Nxd7 Kxd7
23.Rc4  1/2-1/2

[Event "Cappelle op"]
[Site "Cappelle la Grande"]
[Date "1993.??.??"]
[Round "5"]
[White "Bykhovsky, Avigdor"]
[Black "Vezzosi, Paolo"]
[Result "1/2-1/2"]
[WhiteElo "2520"]
[BlackElo "2305"]

1.d4 Nf6 2.c4 e6 3.Nf3 Bb4+ 4.Bd2 Qe7 5.g3 Nc6 6.Bg2 Bxd2+ 7.Nbxd2 d6 8.h3 O-O
9.O-O a5 10.e4 e5 11.d5 Nb8 12.Ne1 Na6 13.Nd3 Nd7 14.a3 Nac5 15.Nxc5 dxc5
16.Qc2 Ra6 17.Qc3 g5 18.Rae1 a4 19.f4 gxf4 20.gxf4 Rg6 21.f5 Rg7 22.Nf3 Kh8
23.Kh2 Rfg8 24.Rg1 Qd6 25.Bh1 Qh6 26.Qc1 Qh5 27.Rxg7 Rxg7 28.Rg1 f6 29.Rxg7 Kxg7
30.h4 Qg4 31.Qg1 Qxg1+ 32.Kxg1 Nb6 33.Nd2 Bd7 34.Bf3 Be8 35.Be2  1/2-1/2

[Event "Cappelle op"]
[Site "Cappelle la Grande"]
[Date "1993.??.??"]
[Round "8"]
[White "Petraki, Maria"]
[Black "Voiska, Margarita"]
[Result "1/2-1/2"]
[WhiteElo "2045"]
[BlackElo "2305"]

1.d4 Nf6 2.c4 e6 3.Nf3 Bb4+ 4.Bd2 a5 5.g3 b6 6.Bg2 c6 7.O-O Ba6 8.Ne5 Be7
9.Nc3 O-O 10.Rc1 Qc7 11.b3 d6 12.Nd3 d5 13.Ne5 Qb7 14.Qc2 b5 15.Rfe1 Nfd7
16.Nxd7 Nxd7 17.e4 dxc4 18.bxc4 b4 19.Nd1 Qa7 20.Be3 c5 21.d5 Bf6 22.f4 Bd4
23.Nb2 exd5 24.exd5 Rfe8 25.Bxd4 cxd4 26.Kh1 h5  1/2-1/2

[Event "Cappelle op"]
[Site "Cappelle la Grande"]
[Date "1993.??.??"]
[Round "8"]
[White "Bernard, Christophe"]
[Black "Petursson, Margeir"]
[Result "0-1"]
[WhiteElo "2365"]
[BlackElo "2560"]

1.d4 Nf6 2.Nf3 e6 3.c4 Bb4+ 4.Bd2 c5 5.Bxb4 cxb4 6.e3 O-O 7.Nbd2 Nc6 8.Be2 d6
9.O-O b6 10.a3 bxa3 11.Rxa3 Bb7 12.Ne1 e5 13.d5 Nb8 14.e4 a5 15.g3 Na6 16.Ng2 Re8
17.Ne3 Bc8 18.Re1 Nc5 19.Qb1 Rb8 20.Nd1 Na6 21.Nc3 Bd7 22.Na2 Qc7 23.b4 Ra8
24.bxa5 bxa5 25.Nc3 Nc5 26.Qc2 Rec8 27.Rea1 a4 28.Rb1 Qa7 29.Kg2 h6 30.f3 Rcb8
31.Rxb8+ Rxb8 32.Nb5 Qb6 33.Qc3 Ne8 34.Qe3 Nc7 35.Nxc7 Qxc7 36.Qc3 Qb6 37.Ra2 f5
38.Bd3 Qb4 39.Qxb4 Rxb4 40.Bc2 g6 41.Kf2 Kf7 42.Ke2 Kf6 43.Ke3 Bc8 44.Ra1 Rb6
45.Ra2 Bd7 46.Bd1 g5 47.exf5 Kxf5 48.Ne4 Ra6 49.Nxc5 dxc5 50.Bc2+ Kf6 51.Kd2 h5
52.Ke3 g4 53.f4 a3 54.Bb3 Bf5 55.fxe5+ Kxe5 56.Ra1 Be4 57.Ra2 Bb1  0-1

[Event "Cappelle op"]
[Site "Cappelle la Grande"]
[Date "1993.??.??"]
[Round "9"]
[White "Jasnikowski, Zbigniew"]
[Black "Vezzosi, Paolo"]
[Result "1-0"]
[WhiteElo "2460"]
[BlackElo "2305"]

1.d4 Nf6 2.c4 e6 3.Nf3 Bb4+ 4.Bd2 e5 5.g3 O-O 6.Bg2 b6 7.O-O Bb7 8.Bf4 Be7
9.Nc3 Ne4 10.Nb5 Na6 11.Qc2 f5 12.e3 d6 13.Rfd1 c6 14.Nc3 Nxc3 15.Qxc3 b5
16.dxe5 Qd7 17.c5 Rfd8 18.exd6 Bxd6 19.Ne5 Qe8 20.Rac1 Rac8 21.Bg5  1-0

[Event "Cappelle op"]
[Site "Cappelle la Grande"]
[Date "1993.??.??"]
[Round "9"]
[White "Murdzia, Piotr"]
[Black "Winants, Luc"]
[Result "1/2-1/2"]
[WhiteElo "2365"]
[BlackElo "2520"]

1.d4 Nf6 2.c4 e6 3.Nf3 Bb4+ 4.Bd2 Qe7 5.g3 Nc6 6.Bg2 Bxd2+ 7.Nbxd2 d6 8.O-O O-O
9.e3 e5 10.Qc2 h6 11.d5 Nb8 12.b4 c6 13.e4 a5 14.a3 Bd7 15.Rfc1 Na6 16.Qb2 axb4
17.axb4 c5 18.b5 Nb4 19.Rc3 Rae8 20.Ne1 Nh7 21.Nc2 Nxc2 22.Qxc2 g6 23.Rf1 f5
24.exf5 gxf5 25.f4 e4 26.Re1 h5 27.h4 Qg7 28.Nf1 Ra8 29.Rce3 Ra7 30.Rd1 Rfa8
31.Qc3 Nf6 32.Bh3 Kf7 33.Rd2 Ra1 34.Rde2 Qg6 35.Re1 R1a4 36.Rb1 Qg7 37.Kh1 Ra2
38.Rbe1 R8a7 39.R1e2 R2a4 40.Re1 Rb4 41.Nd2 Ra2 42.Ra1 Rba4 43.Rxa2 Rxa2
44.Nf1 Qg8 45.Re1 Qa8 46.Ne3 Ra3 47.Qc2 Kg6 48.Re2 Qa5 49.Kg2 Rd3 50.Qb2 Qa4
51.Qc1 Qb3 52.Kf2 Qa4 53.Qc2 Qa3 54.Re1 Ng8 55.Qe2 Nf6 56.Rd1 Rb3 57.Rd2 Qa1
58.Rd1 Qc3 59.Rd2 Ng8 60.Ra2 Ne7 61.Qd2 Qd4 62.Bf1 Ng8 63.Be2 Nf6 64.Rc2 Ra3
65.Ra2 Rc3 66.Rc2 Rd3 67.Qc1 Rb3 68.Qd2 Kf7 69.Ra2 Ke7 70.Rc2 Rd3 71.Qc1 Kd8
72.Rb2 Rc3 73.Rc2 Rb3 74.Qd2 Ke7 75.Ra2 Kf7 76.Rc2 Kg6 77.Ra2 Ng8 78.Qc1 Ne7
79.Ra3 Rb2 80.Rc3 Ra2 81.Ra3 Rd2 82.Ke1 Rb2 83.Rc3 Rb4 84.Ra3 Rb2 85.Rc3 Rb1
86.Qxb1 Qxc3+ 87.Kf2 Qd4 88.Qd1 Qxd1 89.Bxd1 Nc8 90.Ke1 Be8 91.Kd2 Kf6 92.Kc3 Bg6
93.Kb3 Nb6 94.Be2 Ke7  1/2-1/2